Movie Quotes #5 - Statistics

General Stats
  • This quiz has been taken 28 times
    12 since last reset
  • The average score is 8 of 20
Answer Stats
Quote Movie % Correct
Chewie, we're home. Star Wars: The Force Awakens
92%
This is the day you will always remember as the day you almost caught Captain Jack Sparrow. Pirates of the Caribbean
83%
Wax on, wax off. The Karate Kid
75%
You talkin' to me? Taxi Driver
58%
Some men just want to watch the world burn. The Dark Knight
58%
As far back as I can remember, I've always wanted to be a gangster. Goodfellas
50%
Hello. My name is Inigo Montoya. You killed my father. Prepare to die. The Princess Bride
50%
This one time, at band camp... American Pie
42%
I guess you guys aren't ready for that yet. But your kids are gonna love it. Back to the Future
42%
Good morning, Vietnam! Good morning, Vietnam
42%
Love means never having to say you're sorry. Love Story
33%
We're in the endgame now. Avengers: Infinity War
25%
Please Lord, help me get one more. Hacksaw Ridge
25%
I'd make that deal. How about you, Utivich? You make that deal? - I'd make that deal. - I don't blame you. Damn good deal. Inglourious Basterds
25%
To me, you are perfect. Love Actually
25%
Go ahead, make my day. Sudden Impact
25%
I drink your milkshake! There Will Be Blood
25%
He exists now only in my memory. Titanic
25%
It's a dangerous thing to mistake speaking without thought for speaking the truth. Glass Onion: A Knives Out Mystery
8%
I think you might just have the next Michael Jordan on your hands. - Oh no, brother man, I gots me the next two. King Richard
8%
No matching quizzes found
Score Distribution
Percent of People with Each Score
Percentile by Number Answered
Your Score History
You have not taken this quiz since the last reset